Números primos - ¡Muerte súbita! - Estadísticas

Estadísticas generales
  • Esta prueba ha sido intentada 17.795 veces
  • La puntuación promedio es 10 de 25
Answers on the Grid
Answers color-coded by a green-red scale on the quiz's grid according to % correct below.
1
2
3
4
5
6
7
8
9
10
11
12
13
14
15
16
17
18
19
20
21
22
23
24
25
26
27
28
29
30
31
32
33
34
35
36
37
38
39
40
41
42
43
44
45
46
47
48
49
50
51
52
53
54
55
56
57
58
59
60
61
62
63
64
65
66
67
68
69
70
71
72
73
74
75
76
77
78
79
80
81
82
83
84
85
86
87
88
89
90
91
92
93
94
95
96
97
98
99
100
 
Estadísticas de respuestas
Respuesta % Correcto
3
89%
2
87%
7
87%
5
83%
11
71%
13
71%
17
68%
19
61%
23
61%
31
45%
29
44%
37
43%
43
30%
47
30%
41
29%
53
14%
59
8%
61
8%
73
8%
67
7%
71
6%
97
6%
79
5%
83
5%
89
4%
No se encontraron pruebas coincidentes
Distribución de puntuación
Porcentaje de gente con cada puntuación
Porcentaje por número respondido
Historial de tus puntuaciones
No has intentado esta prueba.